000 00465nam a2200169Ia 4500
008 090711s9999 xx 000 0 und d
082 _b3071
100 _aहवलदार गणेश रा.
245 _aमेघदूत
260 _c1950
300 _a28
600 _aहवलदार गणेश रा.
630 _aमेघदूत
700 _aहवलदार गणेश रा.
730 _aमेघदूत
942 _cBOOK
999 _c288839
_d288839